[Event "Bundesliga 0506"]
[Site "Germany"]
[Date "2006.01.29"]
[Round "9.3"]
[White "Brynell, Stellan"]
[Black "Braun, Arik"]
[Result "0-1"]
[WhiteElo "2496"]
[BlackElo "2465"]
[Annotator "Krasenkow,M"]
[PlyCount "146"]
[EventDate "2005.10.21"]
[EventType "team-tourn"]
[EventRounds "15"]
[EventCountry "GER"]
[SourceTitle "CBM 111"]
[Source "ChessBase"]
[SourceDate "2006.04.04"]
[SourceVersion "1"]
[SourceVersionDate "2006.04.04"]
[SourceQuality "1"]
[WhiteTeam "Neukoelln"]
[BlackTeam "Eppingen"]
[WhiteTeamCountry "GER"]
[BlackTeamCountry "GER"]

1. d4 Nf6 2. c4 g6 3. Nc3 d5 4. cxd5 Nxd5 5. e4 Nxc3 6. bxc3 Bg7 7. Be3 c5 8.
Qd2 O-O 9. Nf3 Qa5 10. Rb1 Nc6 11. Rb5 cxd4 12. Rxa5 dxe3 13. Qxe3 Nxa5 14. h4
{This line was examined in several CBM issues: 73,82,92.} Be6 15. h5 (15. Ng5 {
is more popular.}) 15... Rfc8 16. e5 Nc4 17. Bxc4 Rxc4 18. hxg6 hxg6 19. Ng5
Bd5 $146 (19... Rac8 {led to a draw in the following stem game:} 20. Nxe6 Rxc3
21. Qg5 Rc1+ 22. Kd2 Rxh1 23. Nxg7 Rd8+ 24. Ke2 Kxg7 25. Qxe7 Rdd1 26. f4 $1
Rhf1 27. g3 $11 {1/2-1/2 Dautov,R-Svidler,P/Istanbul (ol) 2000/Inf 80/[Dautov,
R] (29)}) 20. Rh7 Rg4 $1 21. g3 Bxa2 22. Rh2 (22. f3 Rxg3 23. Rh2 Bd5 24. Kf2
Rxg5 25. Qxg5 Kf8 {doesn't change much}) 22... Bd5 23. f4 Rxg5 $5 {[%mdl 512]
An interesting exchange sacrifice. Black gets two strong bishops and a passed
pawn for the queen (I would call it the Korchnoi compensation, after the
famous Filip-Korchnoi game, contrary to the so-called Lasker compensation, i.e.
R+B(N)+P. Korchnoi had, in fact, another extra pawn but it doesn't matter too
much).} 24. fxg5 a5 25. Qc5 Be6 26. Qxe7 $2 {A strange move, after which
Black's dark-squared bishop runs riot.} (26. Qb5 a4 27. Qxb7 Rc8 {[%csl Rc3,
Re5]}) (26. Re2 $5 a4 27. Qxe7 a3 28. Qxb7 Rc8 {[%cal Oc8c3,Ce2a2,Ca2a3,Ya3a2]
and Black should not lose.}) 26... Bxe5 27. Re2 Bxc3+ 28. Kf2 Bd4+ 29. Ke1 Bd5
(29... Bc3+ {is quite possible but Black doesn't want a draw!}) 30. Qd6 Bc3+
31. Kf2 Bc4 32. Re4 (32. Re3 $142 Bb4 33. Qb6) 32... b5 33. Qc6 Rd8 34. Rxc4 (
34. Re8+ $6 Rxe8 35. Qxe8+ Kh7 {followed by Bc3-b4, a5-a4-a3-a2 etc.}) 34...
bxc4 35. Qxc4 Bb4 {In such positions R+B+P are stronger than Q. It is very
difficult even for the strongest piece both to control Black's passed pawn and
protect the terrible weakness on g5. Of course, draw is still reachable but
how to achieve it? I would suggest the following plan: g3-g4 (to deprive the
black rook of the strong f5 square) and K-h4 (at the same time preventing ...
a5-a4). Then it would be difficult for Black to attack the g5 pawn as his rook
would have no safe square on the fifth rank. Of course, White should be very
careful not to get mated!} 36. Kf3 {The Swedish GM starts playing without plan
and gradually loses.} Rb8 37. Qc6 Rd8 38. Ke4 Rd6 39. Qe8+ Kg7 40. Qe5+ Kh7 41.
Qb5 Re6+ 42. Kf3 Kg7 43. Qd5 Re8 44. Qd7 Kf8 45. Qd4 Kg8 46. Qd5 Rb8 47. Qc6
Rd8 48. Ke4 $6 Rd1 49. Qe8+ Bf8 50. Qa4 Re1+ 51. Kf3 Re5 {The black rook is
now safe and formidable.} 52. Kg4 Rd5 $2 {Missing an excellent tactical trick:}
(52... Bh6 $3 53. gxh6 $140 $2 Re4+ $1 $19) 53. Qe4 (53. Kh4 $1 {was still
possible. Black can't win the g5 pawn:} Re5 54. g4 Be7 55. Qe8+ Kg7 56. Kg3 {
etc.}) 53... Rf5 54. Qc6 Kg7 55. Qd7 Bc5 56. Qe8 Bd4 57. Qc6 Bc5 58. Qe8 Ba3
59. Qe3 Bf8 60. Qe8 $2 ({It was the last chance for} 60. Kh4 $1 Kg8 61. Qa7 Rc5
62. g4 {and White should survive.}) 60... Rc5 61. Kh4 {Too late as Black now
pushes his a-pawn.} Rc4+ 62. g4 a4 63. Qe1 Kg8 64. Qe2 Rb4 65. Qd3 a3 66. Qb3
Be7 67. Qe3 Bf8 68. Qb3 Re4 69. Qc2 Re6 70. Kg3 Re5 71. Kh4 Re1 72. Qd2 ({Or} 
72. Kg3 Ra1 73. Kg2 Bg7 (73... a2 $4 74. Qb2 Bg7 75. Qb8+ Kh7 76. Qh2+ $11) 74.
Qb3 Be5 $1 $19 {Black avoids the perpetual and the further advance of his
a-pawn is inevitable.}) 72... Ra1 73. Qd8 Rh1+ 0-1

[Event "Gibraltar Masters 10th"]
[Site "Caleta"]
[Date "2012.01.27"]
[Round "4"]
[White "Laznicka, Viktor"]
[Black "Kulaots, Kaido"]
[Result "1-0"]
[WhiteElo "2704"]
[BlackElo "2581"]
[Annotator "Krasenkow,M"]
[PlyCount "55"]
[EventDate "2012.01.24"]
[EventType "swiss"]
[EventRounds "10"]
[EventCountry "GGB"]
[SourceTitle "CBM 147"]
[Source "ChessBase"]
[SourceDate "2012.03.16"]
[SourceVersion "1"]
[SourceVersionDate "2012.03.16"]
[SourceQuality "1"]

1. d4 Nf6 2. c4 g6 3. Nc3 d5 4. cxd5 Nxd5 5. e4 Nxc3 6. bxc3 Bg7 7. Be3 c5 8.
Nf3 Qa5 9. Nd2 Nd7 {About this line - see Lima - Svidler in CBM 145.} 10. Qc2
$146 {[%mdl 8] A logical and simple move.} (10. Rc1 $6 Qxa2 11. Be2 O-O 12. O-O
Qa5 13. d5 b5 14. c4 b4 15. f4 Qc7 16. e5 a5 17. Ne4 a4 18. Ra1 a3 $15 {
1/2 Lima,D (2493)-Svidler,P (2739)/Khanty-Mansiysk 2011/CBM 145/[Krasenkow] 
(41)}) (10. Nb3 Qc7 (10... Qxc3+ 11. Bd2 Qb2 12. Bc1 Qc3+ $11) 11. Be2 O-O 12.
O-O b6 13. Qc1 Bb7 14. f3 Rfe8 15. Rd1 Rac8 $11 {0-1 Jepson,C (2405)-Nielsen,P
(2681)/Helsingor 2011/CBM 143 Extra (64)}) 10... O-O 11. Be2 Nf6 12. O-O Ng4
13. Bf4 cxd4 14. cxd4 e5 15. Nc4 Qc7 16. Bg3 b5 17. h3 $1 Nxf2 $2 {The
preceding sequence was more or less forced but this move, opening the f-file
for White's rook and leaving his d-pawn alive, is a mistake.} (17... Nh6 {
is crucial. The position after} 18. Ne3 Qxc2 19. Nxc2 exd4 20. Bxb5 $1 (20.
Rad1 a6 21. Nxd4 Rd8 $11 22. e5 $140 Nf5) 20... d3 21. Bxd3 Bxa1 22. Rxa1 $44 {
is playable for both sides.}) 18. Rxf2 bxc4 19. Bxc4 Bb7 20. Qd3 (20. Rc1 $142
Rac8 21. Qb3 $1 Kh8 22. Rfc2 $16) 20... Kh8 (20... Rac8 21. Rc1 Qb6 $1 22. d5
Ba6 23. Rcc2 Rxc4 24. Rxc4 Bh6 $1 25. Kh2 Be3 26. Rf1 Bd4 $14) 21. Rc1 Rac8 22.
d5 {[%csl Rb7,Gd5,Rg7]} f5 23. Rfc2 Qd6 24. Bb3 Rxc2 25. Qxc2 Rc8 $4 {[%mdl
8192] A blunder immediately losing the game.} (25... Rf7 26. Qc5 $16) 26. Qxc8+
Bxc8 27. Rxc8+ Bf8 28. Rxf8+ $1 (28. Rxf8+ Qxf8 29. Bxe5+ Kg8 30. d6+) 1-0

[Event "RUS-ch 54th"]
[Site "Elista"]
[Date "2001.05.03"]
[Round "4"]
[White "Iljushin, Alexei"]
[Black "Baikov, Vladimir A"]
[Result "1-0"]
[WhiteElo "2536"]
[BlackElo "2431"]
[Annotator "Krasenkow,M"]
[PlyCount "101"]
[EventDate "2001.04.29"]
[EventType "swiss"]
[EventRounds "9"]
[EventCountry "RUS"]
[SourceTitle "CBM 083"]
[Source "ChessBase"]
[SourceDate "2001.07.05"]
[SourceVersion "1"]
[SourceVersionDate "2001.07.05"]
[SourceQuality "1"]

1. d4 Nf6 2. c4 g6 3. Nc3 d5 4. cxd5 Nxd5 5. e4 Nxc3 6. bxc3 Bg7 7. Be3 c5 8.
Qd2 Qa5 9. Nf3 O-O 10. Rb1 a6 {This move is considered less accurate than} (
10... b6 {or}) (10... Nc6) 11. Rc1 e6 12. Bh6 {The merits of this bishop
exchange were clearly demonstated in the 15th game of the Karpov-Kasparov
match in 1990.} Nc6 13. h4 cxd4 14. Bxg7 Kxg7 15. cxd4 Qxd2+ 16. Kxd2 {[%mdl
4096] In this endgame: White has a strong pawn centre, which can be supported
by his king from the perfect e3 square; Black's kingside is weakened; he has
certain problems developing his queenside. All that guarantees White a clear
advantage.} h6 {to play ...g6-g5 after h4-h5} 17. Bd3 Rd8 18. Ke3 {[%csl Ge3]}
Bd7 19. Rb1 Na5 (19... b5 {weakens Black's position even further.}) 20. Rhc1
Rac8 21. Ne5 Be8 22. f4 h5 {Black radically prevents h4-h5 but now the whole
complex of dark squares (e5,f6,g5) is very weak.} 23. Nf3 Kf8 24. g3 {"Don't
hurry" is the main motto of such endgames, when your opponent is deprived of
any counterplay.} Ke7 25. Nd2 Bd7 26. e5 {Making use of the awkward position
of the black pieces, White prepares the invasion of his knight.} Rxc1 ({After} 
26... Bc6 {the a5 knight gets into trouble:} 27. Rc5 (27. Rc3 $5 {is possible,
too.}) 27... Rd5 (27... b5 28. a4 Nb7 29. Rc2 {and Black loses a pawn}) 28. Rc3
Rcd8 ({29.Ne4 was threatened and} 28... Rdd8 {didn't help in view of} 29. Ra3)
29. Rb4 Bb5 30. Bxb5 Rxb5 (30... axb5 31. Rc5) 31. Rxb5 axb5 32. Rc5 Rd5 33.
Ne4 $16) 27. Rxc1 Rc8 $6 {After this rook exchange White, thanks to his space
advantage, obtains good winning chances.} (27... Bc6 {now deserved serious
attention although White maintained initiative after} 28. Rc5 b5 (28... b6 29.
Rc3) (28... Rd5 29. Rc3) 29. Ne4 Bxe4 30. Kxe4) 28. Rxc8 Bxc8 29. Be4 $1 {
Without the rooks, the knight invasion to d6 or f6 is not very profitable.
White decides on another plan: d4-d5 and then the king invasion.} b5 (29... Bd7
30. d5 exd5 31. Bxd5 Bc6 32. Kd4 Bxd5 33. Kxd5 Nc6 34. Kc5 $16) 30. d5 exd5 31.
Bxd5 Be6 32. Kd4 Kd7 33. Bxe6+ fxe6 ({Or} 33... Kxe6 34. Ne4 $16 {as the pawn
endgame after} Nb7 $2 35. Nc5+ Nxc5 36. Kxc5 Kf5 37. Kd6 $1 {is lost for Black.
}) {After the text move the weakness on g6, quite unexpectedly, becomes the
decisive factor of the position.} 34. Ne4 {[%cal Ye4g5,Yg5h7,Yh7f8,Yf8g6]} Nc6+
35. Kc5 Kc7 (35... Ne7 36. Kb6) 36. Ng5 Nd8 37. Nh7 $1 Nb7+ 38. Kd4 Kd7 39.
Nf8+ Ke7 40. Nxg6+ Kf7 41. f5 exf5 42. Nf4 {[%csl Rh5]} Nd8 43. Kd5 b4 44. Kd6
Ke8 45. Nxh5 Nb7+ 46. Kd5 a5 47. Ng7+ Kf7 48. Nxf5 a4 49. e6+ Ke8 50. Nd4 Na5
51. h5 {An endgame, excellently played by the young Russian star.} 1-0

[Event "RUS-ch 54th"]
[Site "Elista"]
[Date "2001.05.07"]
[Round "7"]
[White "Volkov, Sergey"]
[Black "Timofeev, Artyom"]
[Result "1-0"]
[WhiteElo "2558"]
[BlackElo "2522"]
[Annotator "Krasenkow,M"]
[PlyCount "109"]
[EventDate "2001.04.29"]
[EventType "swiss"]
[EventRounds "9"]
[EventCountry "RUS"]
[SourceTitle "CBM 083"]
[Source "ChessBase"]
[SourceDate "2001.07.05"]
[SourceVersion "1"]
[SourceVersionDate "2001.07.05"]
[SourceQuality "1"]

1. d4 Nf6 2. c4 g6 3. Nc3 d5 4. cxd5 Nxd5 5. e4 Nxc3 6. bxc3 Bg7 7. Be3 c5 8.
Qd2 Qa5 9. Rb1 b6 10. Bb5+ Bd7 11. Be2 Bc6 12. Bd3 Nd7 13. h4 h5 $146 {This
line was discussed in CBM69. Black tries to avoid complications which happened
in the stem game Timman-Shirov but now White obtains a comfortable g5 position
for his knight.} (13... Rd8 14. h5 Ne5 15. dxe5 c4 16. Bd4 cxd3 17. Nf3 Bxe4
18. h6 Bf8 19. Ng5 Bxg2 20. Rh2 $13 {1/2-1/2 Timman,J-Shirov,A/Wijk aan Zee
1999/CBM 69/ (40)}) 14. Nh3 Rd8 15. Ng5 O-O 16. Rc1 cxd4 {Black goes for a
forced line but ends up in an inferior endgame.} (16... Bb7 $5 {deserved
attention, maintaining various possibilities.}) 17. cxd4 Nc5 $6 (17... Qxd2+
18. Kxd2 Nc5 {was certainly better, e.g.} 19. Rc4 (19. dxc5 Bb5) (19. d5 Nxd3
20. Rxc6 Ne5 21. Rc7 e6) 19... Bb5 20. Rxc5 Bxd3 21. Rc7 Bxd4 $1 22. Bxd4 Rxd4
23. Ke3 Rfd8 {and Black is not worse.}) 18. Qxa5 Nxd3+ 19. Kd2 bxa5 20. Rxc6 {
[%mdl 4096] It now turns out that Black can't capture the d4 pawn and White
practically keeps an extra pawn.} Ne5 ({Or} 20... Nb4 21. Rc4 Nxa2 $2 22. Ra1
Nb4 23. Rxa5 {and the knight is trapped.}) 21. Rc3 (21. Rc7 {was possible, too,
for instance:} Ng4 22. d5 e6 23. Bc5 exd5 24. Bxf8 dxe4+ 25. Ke2 Bxf8 26. Nxf7
Rb8 27. Rd1 $18) 21... Ng4 22. Rd3 {White plays too cautiously.} (22. Rc4 {
was quite possible and if} Ne5 {then} 23. Ra4 ({if not} 23. Rc7)) 22... f5 $6 {
This attempt to seize the initiative fails as Black gets a lot of weak points.}
23. Ke2 ({Of course, not} 23. Ne6 $2 f4 $1 24. Bxf4 Nxf2) 23... fxe4 ({After} 
23... f4 24. Bc1 $1 (24. Bd2 $143 Bxd4 $1 25. Bxa5 (25. Ne6 $6 Nxf2 $13) 25...
Bb6 (25... Rd7 26. Rhd1 e5 27. Ne6) (25... Rd6 26. Bb4 Rd7 27. Bxe7) 26. Rxd8
Rxd8 (26... Bxd8 $143 27. Bxd8 Rxd8 28. f3 Ne5 29. Ne6 Rb8 30. Rd1) 27. Bxb6
axb6 28. f3 Ne5 29. Ne6 Ra8 30. Ra1 b5 $5 31. Nxf4 b4 {with good drawing
chances for Black.}) {Black can't just get away with the d4 pawn:} 24... Bxd4 (
24... Rxd4 25. Rxd4 Bxd4 26. Ne6 Nxf2 27. Re1 $18) 25. Ne6 Nxf2 26. Rxd4 Rxd4
27. Kxf2 $18) 24. Nxe4 Rb8 25. Rhd1 Rf5 26. R1d2 Rb1 27. Rc3 Rg1 28. g3 Nxe3 {
Since the famous game Speelman-Short (candidates match, 1991) this exchange,
strengthening White's pawn centre, has been considered unfavourable for Black
but it is very difficult to propose something instead.} 29. fxe3 Bh6 30. Kd3
Re1 31. Re2 Rd1+ 32. Kc2 Ra1 33. Ra3 Kf7 34. Kd3 Rg1 35. Kd2 Rb5 36. Rf2+ Ke8
37. Ke2 Kd7 38. Nc5+ Ke8 39. Kf3 e5 $6 {Perhaps it was better to wait
passively.} 40. Re2 Ke7 41. Rc3 Rb8 42. dxe5 $1 {[%csl Ge5] A correct decision.
White gives up his g3 pawn relying on his passed e-pawn.} Rf8+ 43. Ke4 Rxg3 44.
Nb7 $1 {A key move providing the invasion of the white rook to the 7th rank.}
Rg4+ $2 {This check is a loss of time but after} (44... Rf1 45. Rc7+ Kf8 46.
Kd5 {Black's position remained difficult.}) 45. Kd5 Rf1 46. Rc7+ Kf8 47. Nd6
Rxh4 48. Rxa7 Rg4 (48... Rh3 {was relatively better but didn't help anyway:}
49. Rc2 Kg8 50. Rc8+ Rf8 (50... Bf8 51. Ne4) 51. Rxf8+ Kxf8 (51... Bxf8 52. Ne8
$1 $18) 52. e6 Rxe3 53. Ne4 $1 Ke8 54. Rf7 $1 $18) 49. Rc2 Kg8 50. Rc8+ Rf8 51.
Ne8 (51. Rxf8+ $5 Kxf8 (51... Bxf8 52. Ne8) 52. e6 $18) 51... Bg5 52. e6 h4 53.
e7 Rf5+ 54. Kd6 Kf7 55. Ng7 1-0

[Event "Pinamar Masters 1st"]
[Site "Pinamar"]
[Date "2001.03.15"]
[Round "8"]
[White "Hoffman, Alejandro"]
[Black "Ricardi, Pablo"]
[Result "1/2-1/2"]
[WhiteElo "2473"]
[BlackElo "2554"]
[Annotator "Krasenkow,M"]
[PlyCount "104"]
[EventDate "2001.03.08"]
[EventType "tourn"]
[EventRounds "11"]
[EventCountry "ARG"]
[EventCategory "8"]
[SourceTitle "CBM 082"]
[Source "ChessBase"]
[SourceDate "2001.05.17"]
[SourceVersion "1"]
[SourceVersionDate "2001.05.17"]
[SourceQuality "1"]

1. d4 Nf6 2. c4 g6 3. Nc3 d5 4. cxd5 Nxd5 5. e4 Nxc3 6. bxc3 Bg7 7. Nf3 c5 8.
h3 {Last year Kramnik played this harmless move against Kasparov (see CBM75)
and it immediately gained popularity!} O-O 9. Be2 Nc6 {About the other options
- see CBM75.} 10. Be3 cxd4 11. cxd4 Qa5+ 12. Bd2 Qa3 {This defense has
recently become popular and looks quite solid.} 13. d5 Ne5 {The other moves
are risky for Black:} (13... Bxa1 14. Qxa1 Nb4 15. O-O f6 16. Rc1 a5 17. Bb5 b6
18. Rc3 (18. d6 $1) 18... Qxa2 19. Qxa2 Nxa2 20. Ra3 Nb4 21. Bxb4 Ba6 22. Bxe7
Bxb5 23. Bxf8 Kxf8 24. Rb3 Bc4 25. Rxb6 a4 26. Rxf6+ Kg8 27. Rc6 Bd3 28. Nd2 a3
29. Rc1 a2 30. Ra1 Ra4 31. f3 Kf7 32. Kf2 Bc2 33. h4 Kf6 $16 34. f4 $2 Bxe4 35.
Nxe4+ Rxe4 36. Rxa2 Rxf4+ 37. Kg3 Rd4 38. Ra5 Ke5 {1/2-1/2 Hoeksema,H-Ernst,S/
Dieren 2000/CBM 77 ext (38)}) (13... Nb4 14. O-O a5 $6 15. Bc1 Qc3 16. Rb1 Nxa2
17. Bb2 Qc7 18. Bxg7 Kxg7 19. Rb3 Kg8 20. Qa1 a4 21. Qxa2 axb3 22. Qxa8 Qc2 23.
Bd1 Qxe4 24. Qa3 $18 Qxd5 25. Bxb3 Qb5 26. Re1 e6 27. Ne5 h5 28. Re3 b6 29. Qe7
{1-0 Kruppa,Y-Polovodin,I/St Petersburg 2000/CBM 76 ext (29)}) 14. O-O (14.
Nxe5 Bxe5 15. O-O (15. Rb1 Bd7 $1 (15... f5 $6 16. O-O a5 17. Bc4 Kg7 18. exf5
Rxf5 19. Be3 b5 20. Bxb5 Qxa2 21. Qc1 h5 22. Be8 (22. Rd1 $18) 22... Bb7 23.
Bxg6 Qxd5 24. Rxb7 Kxg6 25. Qb1 Kf6 26. Rd1 Qe6 27. Rb6 Bd6 28. Bd4+ Kg5 29.
Be3+ Kf6 30. Re1 Qd5 31. Rd1 {1/2-1/2 Henrichs,T-Van de Mortel,J/NED 2000/CBM
75 ext (31)}) (15... Qxa2 16. O-O a5 17. Bg5 Bd7 18. Rxb7 Ba4 19. Qd3 Rab8 20.
Rxb8 Rxb8 21. Qa6 Bc2 22. Bxe7 Bxe4 23. d6 Qe6 24. Bc4 $14 Bd5 $2 (24... Qf5)
25. Qa7 Rb2 26. Bxd5 (26. Qxa5 $18) 26... Qxd5 27. d7 Bb8 28. d8=Q+ (28. Qe3
Qxd7 29. Bf6 $18) 28... Qxd8 29. Bxd8 Bxa7 30. Bxa5 f5 31. g3 Kf7 32. Kg2 Ra2
33. Bc3 g5 34. Be5 Ke6 35. Bc7 Kf6 36. Bd8+ Kg6 37. h4 h6 38. hxg5 hxg5 39. Bc7
Rc2 40. Bd6 Rc6 {1/2-1/2 Friedrichs,K-Zwanzger,J/Bad Homburg 2000/EXT 2001 (40)
}) 16. Rxb7 (16. O-O {-15.0-0}) 16... Ba4 17. Qc1 Qxa2 18. Bc4 Qc2 19. Qxc2
Bxc2 20. O-O (20. Rxe7 Bf6 21. Rc7 Rfc8 22. d6 Rxc7 23. dxc7 Be5 24. Ba5 Bxc7
$1 25. Bxc7 Rc8 $11) 20... Bd6 21. Re1 Rfb8 22. Rxb8+ Rxb8 23. e5 Bb4 24. Bxb4
Rxb4 25. Ba2 Rd4 26. Rc1 Rd1+ 27. Rxd1 Bxd1 28. Kf1 Kf8 29. Ke1 Ba4 30. Kd2 f6
{1/2-1/2 Zimmerman,Y-Gara,T/Budapest HUN 2001/The Week in Chess 333 (41)})
15... Bd7 $5 (15... Bxa1 16. Qxa1 f6 17. Rb1 Qd6 18. Bb4 Qd8 19. Bc4 Kg7 20. e5
a5 21. Ba3 b5 22. Bxb5 Rb8 23. exf6+ exf6 24. Bxf8+ Qxf8 25. a4 {1-0 Bannik,
A-Ilivitzki,G/Kiev 1954/URS-ch (52)}) 16. Rb1 Qxa2 17. Rxb7 Ba4 18. Qe1 Rfb8
19. Rxe7 (19. Rb4 Rxb4 20. Bxb4 Rc8 21. Ba6 Rc7 22. Qb1 Qxb1 23. Rxb1 Bc2 {
1/2-1/2 Onischuk,A-Ftacnik,L/Germany 2000/CBM 74 ext (23)}) (19. Rxb8+ Rxb8 20.
Be3 Bc2 21. Qd2 a5 22. f4 Bd6 23. e5 Bb4 24. Qd4 Be4 25. Qxe4 Qxe2 26. Rf2 Qb5
27. f5 Bc3 28. e6 Qb1+ 29. Qxb1 Rxb1+ 30. Kh2 Be5+ {1/2-1/2 Lazarev,V-Dvoirys,
S/Geneva SUI 2001/The Week in Chess 334 (30)}) 19... Bd6 20. Bg5 h6 21. Bf6 Kf8
22. Qc1 Bxe7 23. Qxh6+ Ke8 24. Bxe7 Kxe7 25. Qh4+ Kf8 26. Qh8+ Ke7 {1/2-1/2
Nikolaidis,I-Khamrakulov,I/Nikea 2000/EXT 2001 (26)}) 14... Bd7 (14... Bxh3 $5
{Not just capturing a pawn but weakening the position of the white king, which
is important for future counterplay.} 15. Nxe5 (15. gxh3 Nxf3+ 16. Bxf3 Bxa1)
15... Bxe5 16. Rb1 Bc8 17. Bb4 Qxa2 18. Bxe7 Re8 19. d6 Qe6 20. f4 Bg7 21. e5
Rxe7 22. dxe7 Qxe7 23. Ba6 Bf8 24. Qf3 Qd8 25. Rfc1 Rb8 26. g3 h5 27. Qe3 h4
28. Bc4 b6 29. Kg2 hxg3 30. Kxg3 Qe7 31. Rb2 Bf5 32. Rd2 Rc8 33. Rd6 Bg7 {
1/2-1/2 Belov,V-Dvoirys,S/Ano Liosia 2001/CBM 79 ext (33)}) (14... Nxf3+ $6 15.
Bxf3 Bxa1 16. Qxa1 $44) 15. Nd4 (15. Nxe5 Bxe5 {leads to a position examined
above.}) 15... Rfc8 16. Qb3 Qxb3 17. axb3 Nd3 18. Bxd3 Bxd4 {The position
after simplifications looks even slightly favourable for Black, thanks to his
active pieces and queenside pawn advantage.} 19. Rac1 e6 20. Rfe1 Rxc1 21. Rxc1
exd5 22. exd5 Rc8 23. Re1 Kg7 24. Kf1 Kf6 25. h4 Bc3 26. Bg5+ Kg7 27. Re7 Re8
28. Rxe8 Bxe8 29. Ke2 Bd7 30. Be3 a6 31. Bb6 Kf6 32. Be4 Bb5+ 33. Ke3 Ke7 34.
d6+ Kxd6 35. Bxb7 $11 Bb4 36. Kd4 Be1 37. Ke3 a5 38. Be4 Bd7 39. Bc2 Kd5 40.
Be4+ Kd6 41. Bc2 Be6 42. Ke2 Bb4 43. f3 Kc6 44. Bf2 f5 45. Be3 Bd6 46. Bd2 Kb5
47. Be1 Bb4 48. Bg3 Kc5 49. Bf2+ Kd5 50. Bb6 Bd7 51. Bd8 Bb5+ 52. Bd3 Bxd3+
1/2-1/2